| 000 | 00354nam a2200133Ia 4500 | ||
|---|---|---|---|
| 008 | 171207s9999 xx 000 0 und d | ||
| 100 | _aSamuels, Rob | ||
| 245 | _aMedia marathoning: Immersions in morality | ||
| 245 | _cRob Samuels | ||
| 260 | _c2017 | ||
| 300 | _apages 1150-1152, July 2017 | ||
| 440 |
_aNew Media & Society _v19:7 |
||
| 650 | _aMEDIA | ||
| 999 |
_c347669 _d347669 |
||